[Event "8th Lost Boys op"]
[Site "Amsterdam NED"]
[Date "2000.08.19"]
[Round "9"]
[White "De Jong, Migchiel"]
[Black "Doggers, Peter"]
[Result "1-0"]
[WhiteElo "2276"]
[BlackElo "2146"]
[EventDate "2000.08.11"]
[PlyCount "43"]

1.Nf3 g6 2.e4 Bg7 3.d4 d6 4.c3 Nf6 5.Bd3 O-O 6.Bg5 c5 7.dxc5 dxc5 8.Qe2 
Nc6 9.Nbd2 Qc7 10.a4 Rd8 11.Nc4 b6 12.Rd1 Bb7 13.O-O h6 14.Bxf6 exf6 15.
Ne3 Ne5 16.Nxe5 Qxe5 17.f3 h5 18.Bc4 f5 19.Nd5 f4 20.Rd3 Kh8 21.Qd2 g5 22.
Nxf4 1-0

[Event "8th Lost Boys op"]
[Site "Amsterdam NED"]
[Date "2000.08.19"]
[Round "9"]
[White "Krnic, Zdenko"]
[Black "Hopman, Pieter"]
[Result "1-0"]
[WhiteElo "2401"]
[BlackElo "2188"]
[EventDate "2000.08.11"]
[PlyCount "69"]

1.Nf3 Nf6 2.c4 g6 3.b4 a5 4.b5 c5 5.bxc6 bxc6 6.Nc3 Bg7 7.d4 O-O 8.e3 c5 
9.Be2 d6 10.O-O Na6 11.Bd2 Bf5 12.a3 cxd4 13.Nxd4 Nc5 14.Nxf5 gxf5 15.Rb1 
Kh8 16.Qc2 Nfe4 17.Rfd1 Rg8 18.Nb5 Be5 19.Bf3 Qf8 20.Be1 Qh6 21.g3 Rg6 22.
Nd4 e6 23.Nc6 Bf6 24.Qe2 a4 25.Bg2 Rc8 26.Rb8 Rgg8 27.Rxc8 Rxc8 28.Nd4 Nb3
29.Nb5 Qf8 30.Bxe4 fxe4 31.Nxd6 Rd8 32.Nxe4 Rxd1 33.Qxd1 Bb2 34.Bb4 Qa8 
35.Ng5 1-0

[Event "8th Lost Boys op"]
[Site "Amsterdam NED"]
[Date "2000.08.19"]
[Round "9"]
[White "Byklum, Bjornar"]
[Black "Wippermann, Till"]
[Result "1-0"]
[WhiteElo "2127"]
[BlackElo "2306"]
[EventDate "2000.08.11"]
[PlyCount "93"]

1.e4 c5 2.Nf3 d6 3.g3 g6 4.Bg2 Bg7 5.O-O Nc6 6.c3 Bg4 7.h3 Bxf3 8.Bxf3 Rb8
9.a4 a6 10.Na3 b5 11.axb5 axb5 12.Bg2 Qb6 13.d3 Nf6 14.Be3 Nd7 15.Rb1 b4 
16.Nc4 Qb5 17.Rc1 O-O 18.Qd2 Ra8 19.Bh6 Nde5 20.Bxg7 Kxg7 21.f4 Nxc4 22.
dxc4 Qb6 23.e5 Rac8 24.Qe3 bxc3 25.bxc3 Qc7 26.Rce1 e6 27.Re2 Rcd8 28.Ra1 
Na5 29.Ra4 dxe5 30.fxe5 Rd7 31.Rea2 Nc6 32.Re2 Ne7 33.Qf4 f6 34.Ra8 Nc8 
35.Rf2 f5 36.h4 h6 37.Rfa2 Rff7 38.R8a6 Nb6 39.Rb2 Rd1+ 40.Kh2 Nd7 41.Rxe6
Nf8 42.Rf6 Rdd7 43.Rc6 Qd8 44.e6 Rb7 45.Rd2 Nxe6 46.Qe5+ Qf6 47.Qxe6 1-0

[Event "8th Lost Boys op"]
[Site "Amsterdam NED"]
[Date "2000.08.19"]
[Round "9"]
[White "Molinari, Gabriel"]
[Black "Remmel, Tim"]
[Result "1-0"]
[WhiteElo "2121"]
[BlackElo "2225"]
[EventDate "2000.08.11"]
[PlyCount "55"]

1.e4 d5 2.Nc3 dxe4 3.Nxe4 Qd5 4.Ng3 Nc6 5.Nf3 e5 6.b3 Bg4 7.Bc4 Qd7 8.h3 
Be6 9.Bxe6 Qxe6 10.O-O O-O-O 11.Re1 Qd7 12.Nxe5 Nxe5 13.Rxe5 Bd6 14.Re3 
Nf6 15.d4 Rhe8 16.Nf1 Nd5 17.Rxe8 Rxe8 18.Qf3 Re6 19.c4 Nb4 20.Be3 g6 21.
Rd1 f5 22.d5 Re8 23.c5 Be5 24.a3 Nc2 25.c6 Qd6 26.b4 Kb8 27.Bc5 Qf6 28.Qd3
1-0

[Event "8th Lost Boys op"]
[Site "Amsterdam NED"]
[Date "2000.08.19"]
[Round "9"]
[White "Sadewasser, Axel"]
[Black "Ree, Hans"]
[Result "0-1"]
[WhiteElo "2211"]
[BlackElo "2417"]
[EventDate "2000.08.11"]
[PlyCount "86"]

1.d4 e6 2.c4 b6 3.Nc3 Bb4 4.Qc2 Bb7 5.a3 Bxc3+ 6.Qxc3 d6 7.Nf3 Nf6 8.Bg5 
h6 9.Bh4 g5 10.Bg3 Ne4 11.Qc2 h5 12.h4 g4 13.Nd2 Nxg3 14.fxg3 c5 15.dxc5 
dxc5 16.O-O-O Qd4 17.Qb3 Nc6 18.Nf3 gxf3 19.Rxd4 Nxd4 20.Qe3 fxg2 21.Bxg2 
Bxg2 22.Rh2 Bf1 23.Rf2 Bxe2 24.Rxe2 Nxe2+ 25.Qxe2 Rd8 26.Qe5 Rg8 27.Qxh5 
Rxg3 28.Qh8+ Ke7 29.Qe5 Rg1+ 30.Kc2 Rg2+ 31.Kc3 Rdd2 32.Qc7+ Kf6 33.Qf4+ 
Kg7 34.Qe5+ Kh7 35.b4 Ra2 36.bxc5 Rxa3+ 37.Kb4 Rgg3 38.Kb5 bxc5 39.Qxc5 
Rab3+ 40.Kc6 Rb6+ 41.Kc7 f5 42.Qe5 Rg7+ 43.Kc8 Rbb7 0-1

[Event "8th Lost Boys op"]
[Site "Amsterdam NED"]
[Date "2000.08.19"]
[Round "9"]
[White "Pel, Bonno"]
[Black "l`Ami, Erwin"]
[Result "0-1"]
[WhiteElo "2300"]
[BlackElo "2295"]
[EventDate "2000.08.11"]
[PlyCount "32"]

1.Nc3 d5 2.e4 dxe4 3.Nxe4 Bf5 4.Qf3 Bg6 5.Ng3 c6 6.Qb3 Qb6 7.d3 Nd7 8.Be3 
Qc7 9.h4 h6 10.h5 Bh7 11.Nf3 Ngf6 12.d4 e6 13.O-O-O a5 14.Bd3 a4 15.Qc3 
Nd5 16.Qe1 a3 0-1

[Event "8th Lost Boys op"]
[Site "Amsterdam NED"]
[Date "2000.08.19"]
[Round "9"]
[White "Rubingh, Otto"]
[Black "Kottke, Markus"]
[Result "1-0"]
[WhiteElo "2264"]
[BlackElo "2228"]
[EventDate "2000.08.11"]
[PlyCount "53"]

1.d4 Nf6 2.Nf3 g6 3.c4 Bg7 4.Nc3 O-O 5.Bg5 d6 6.Qd2 Nbd7 7.e4 e5 8.dxe5 
dxe5 9.O-O-O Re8 10.h4 h5 11.g4 hxg4 12.Nh2 c6 13.Nxg4 Qc7 14.Nxf6+ Nxf6 
15.Be2 Be6 16.Rdg1 Kf8 17.h5 Nxh5 18.Bxh5 gxh5 19.Rxh5 Qd7 20.Qe3 f6 21.
Bh6 Bxh6 22.Qxh6+ Ke7 23.Rd1 Qc8 24.Qg7+ Bf7 25.Rh7 Rf8 26.c5 Ke8 27.Rd6 
1-0

[Event "8th Lost Boys op"]
[Site "Amsterdam NED"]
[Date "2000.08.19"]
[Round "9"]
[White "Van Oosterom, Erik"]
[Black "Van Dongen, Cor"]
[Result "1-0"]
[WhiteElo "2194"]
[BlackElo "2135"]
[EventDate "2000.08.11"]
[PlyCount "87"]

1.d4 Nf6 2.Nf3 g6 3.Nc3 c5 4.d5 Bg7 5.e4 d6 6.Bb5+ Bd7 7.Bxd7+ Nbxd7 8.O-O
O-O 9.Re1 a6 10.a4 Qc7 11.h3 Rad8 12.Bf4 Ne5 13.Nd2 e6 14.dxe6 fxe6 15.
Bxe5 dxe5 16.Qe2 Bh6 17.Nf3 Nh5 18.g3 Rf7 19.Rf1 c4 20.Kg2 Qc5 21.Rad1 
Rdf8 22.Nh2 Nf6 23.Ra1 Bg7 24.a5 Nd7 25.Ra4 Nb8 26.Ng4 Nc6 27.Qxc4 Qxc4 
28.Rxc4 Nxa5 29.Ra4 Nc6 30.Raa1 h5 31.Ne3 Bh6 32.Nc4 Rd7 33.Ne2 Rfd8 34.c3
Kg7 35.Ng1 Kf6 36.Nf3 Bf8 37.h4 Bc5 38.Ng5 Rf8 39.f4 Ke7 40.fxe5 Rdd8 41.
Rf6 b5 42.Rxa6 bxc4 43.Rxc6 Rd2+ 44.Kf1 1-0